000 01281nam a22002777a 4500
005 20090121151350.0
008 090121t xxu||||| |||| 00| 0 hin d
010 _aHIN-93842
020 _c300.00
_a9789380044651
035 _aHN-66188
037 _bDBAD /PUB
040 _aDPL
_bHN
082 _a821
100 _933818
_aकुशवाहा, भोलानाथ
245 _aइतिहास बन गयाः
_cभोलानाथ कुशवाहा
_bकविता-संग्रह /
246 _aItihaas ban gaya
_bby Bholanath Kushwaha
260 _aग़ाज़ियाबाद
_bअंतिका प्रकाशन
_c2010
270 _aसी-56/यूजीएफ-IV, शालीमार गार्डन, एक्सटेंशन-11
_bग़ाज़ियाबाद (उ.प्र.)
_e201005
_k0120- 2648212
_mantika56@gmail.com
300 _a176पृ.
_c22सेमी (सजिल्द)
650 _9697
_aहिन्दी कविता
650 _933922
_aHindi Poetry
700 _933853
700 _934065
942 _2ddc
_cHN
_mकुशवा
_h821
999 _c56166
_d56166